| 000 | 01091nam a22002535a 4500 | ||
|---|---|---|---|
| 003 | OSt | ||
| 005 | 20161101154643.0 | ||
| 008 | 161101s2015 ua frb 000 0 ara d | ||
| 015 | _a2015/10965 | ||
| 020 | _a9789770478363 | ||
| 040 |
_aEG-ScBUE _bara _cEG-ScBUE |
||
| 082 | 0 | 4 |
_a346.0135 _bإ م ا _222 |
| 100 | 1 | _aإمام، هالة محمد. | |
| 245 | 1 | 2 |
_aالجوانب الموضوعية والإجرائية للمسئولية الجنائية للطفل : _bدراسة مقارنة / _cهالة محمد إمام. |
| 246 | 3 | 4 | _aالجوانب الموضوعية والإجرائية للمسئولية الجنائية للأطفال : دراسة مقارنة |
| 260 |
_aالقاهرة : _bدار النهضة العربية، _c2015. |
||
| 300 |
_a638 ص. ؛ _c24 سم. |
||
| 504 | _aيشتمل على إرجاعات ببليوجرافية. | ||
| 650 | 0 |
_aالأطفال _xوضع قانوني، قوانين، إلخ. _2BUEsh |
|
| 650 | 0 |
_aجناح الأحداث _xقوانين وتشريعات. _2BUEsh |
|
| 651 | _2BUEsh | ||
| 653 |
_bLLAAWW _cNovember2016 |
||
| 942 | _2ddc | ||
| 999 |
_c22978 _d22950 |
||